000 00372nam a2200133Ia 4500
005 20260326235454.0
008 260326s9999||||xx |||||||||||||| ||und||
100 _aGutkind, E.A.
245 0 _aUrban Development in Western Europe :
_b The Netherlands and Great Britain /
_cE.A. Gutkind
260 _bFree Press
300 _a512 p.
650 _aDISEÑO URBANO
942 _cBK
999 _c7892
_d7892